000 00616 a2200169 4500
020 _a9694610028
020 _a9789694610023
090 _c1258
_d1258
100 1 _aCoale, Ansley J.
245 1 0 _aLectures on population and development /
_cAnsley J Coale.
260 _a[S.l.] :
_bPakistan Institute of Development Economics,
_c1990.
300 _a123 p.
500 _aUnknown Binding.
856 4 0 _3Amazon.com
_uhttp://www.amazon.com/exec/obidos/ASIN/9694610028/chopaconline-20
856 4 0 _3Amazon customer reviews
_uhttp://www.chopac.org/cgi-bin/tools/azrev.pl?q=9694610028
942 _aNBS
_cBK
_k363.9095491 COA
999 _c343783
_d343783